| 000 | 00911nam a2200253Ia 4500 | ||
|---|---|---|---|
| 003 | GCL | ||
| 008 | 140319s9999 xx 000 0 ara d | ||
| 040 |
_aGCL / _cGCL |
||
| 082 | 0 | 4 |
_aق _b933.4 _bا ع |
| 100 | 1 | _aاحمد سوسة | |
| 245 | 1 | 0 |
_aالعرب واليهود فى التاريخ حقائق تاريخية تظهرها المكتشفات الاثارية / _cاحمد سوسة |
| 300 | _a539 ص | ||
| 490 |
_aسلسلة الكتب الحديثة _v0 |
||
| 650 | 0 | 4 | _aالحضارة العربية الاسلامية - المعارف البحرية |
| 650 | 0 | 4 | _aالقبائل العربية |
| 650 | 0 | 4 | _aالدولة الوسطى |
| 650 | 0 | 4 | _aالبابليون |
| 650 | 0 | 4 | _aالصور |
| 650 | 0 | 4 | _aالاشوريون |
| 650 | 0 | 4 | _aالهكسوس |
| 650 | 0 | 4 | _aحضارة العراق القديمة |
| 650 | 0 | 4 | _aاليهود فى البلاد العربية |
| 942 |
_2ddc _cBK |
||
| 999 |
_c38499 _d38499 |
||